01400cam a2200361 a 4500001001400000003000800014005001700022006001900039007001500058008004100073020003800114040003000152049002600182050001100208082001400219100001700233245005200250260002800302300003600330490002700366504005100393520028100444521001700725588004700742650002600789655002900815710001600844776003500860830002800895856008000923942001601003999001901019EDZ0000072074StDuBDS20161031105146.0m||||||||d||||||||cr |||||||||||120412s2006 enk fo| 001|0|eng d a9781446212462 (ebook) :cNo price aStDuBDSbengcStDuBDSepn aAlfaisal Main Library 4aHF541504a658.82231 aBlythe, Jim.10aMarketingh[electronic resource] /cJim Blythe. aLondon :bSAGE,cc2006. a1 online resource (vi, 184 p.).1 aSAGE course companions aIncludes bibliographical references and index.8 aDesigned to complement existing textbooks, this volume on marketing provides easy access to the key themes, summaries of the approach taken by the main course textbooks, guidance on the essential study skills required to pass the course, and sample exam questions and answers. aSpecialized. aDescription based on print version record. 0aMarketingvTextbooks. 7aElectronic books.2local2 aSage eBooks08iPrint version :z9781412910347 0aSAGE course companions.40uhttp://ezproxy.alfaisal.edu/login?url=http://sk.sagepub.com/books/marketing 2lcccEBOOKS c480605d480605